Dynamics of financial inclusion of the rice farmers in Kerala -A social perspective (Record no. 374392)
[ view plain ]
| 000 -LEADER | |
|---|---|
| fixed length control field | 00613nam a2200193 4500 |
| 082 ## - DEWEY DECIMAL CLASSIFICATION NUMBER | |
| Classification number | 630.71 |
| Item number | MAL/DY PG |
| 100 ## - MAIN ENTRY--PERSONAL NAME | |
| Personal name | Malavika Geetha |
| 245 ## - TITLE STATEMENT | |
| Title | Dynamics of financial inclusion of the rice farmers in Kerala -A social perspective |
| 260 ## - PUBLICATION, DISTRIBUTION, ETC. (IMPRINT) | |
| Place of publication, distribution, etc | Vellayani |
| Name of publisher, distributor, etc | College of Agriculture, Department of Agricultural Extension |
| Date of publication, distribution, etc | 2026 |
| 300 ## - PHYSICAL DESCRIPTION | |
| Extent | 128p. |
| 502 ## - DISSERTATION NOTE | |
| Dissertation note | MSc |
| 650 ## - SUBJECT ADDED ENTRY--TOPICAL TERM | |
| Topical term or geographic name as entry element | Agricultural Extension |
| 650 ## - SUBJECT ADDED ENTRY--TOPICAL TERM | |
| Topical term or geographic name as entry element | Rice farmers |
| 650 ## - SUBJECT ADDED ENTRY--TOPICAL TERM | |
| Topical term or geographic name as entry element | Kerala |
| 700 ## - ADDED ENTRY--PERSONAL NAME | |
| Personal name | Gopika Somanath (Guide) |
| 856 ## - ELECTRONIC LOCATION AND ACCESS | |
| Uniform Resource Identifier | https://krishikosh.egranth.ac.in/handle/1/5810234989 |
| 942 ## - ADDED ENTRY ELEMENTS (KOHA) | |
| Source of classification or shelving scheme | Dewey Decimal Classification |
| Item type | Theses |
| Not for loan | Collection code | Home library | Current library | Shelving location | Date acquired | Full call number | Barcode | Date last seen | Koha item type |
|---|---|---|---|---|---|---|---|---|---|
| Thesis | KAU Central Library, Thrissur | KAU Central Library, Thrissur | Technical Processing Division | 20/02/2026 | 630.71 MAL/DY PG | 176725 | 20/02/2026 | Theses |
